000 01575cam a22004574i 4500
003 PE-LiUPU
005 20250731165547.0
008 150625s r 000 0 d
035 _a(Sirsi) a34188
040 _aPE-LiUPU
_bspa
_cPE-LiUPU
_erda
082 0 4 _a225.7
_bBST
_221
100 1 _aWilcock, Michael,
_eautor.
245 1 4 _aThe Message of Revelation.
_n27 /
_cMichael Wilcock.
264 1 _aIllinois :
_bInter-Varsity Press,
_c1975.
300 _a223 páginas ;
_c21 cm.
336 _atext
_2rdacontent
337 _aunmediated
_2rdamedia
338 _avolume
_2rdacarrier
505 0 _aThe church in the world. -suffering for the church. -Warning for the world. -The drama of history. -Punishment for the world. -Babylon the whore. -The drama behind history. -Jesuralem the bride.
526 _aSEG44
526 _aSEG26
526 _aP151
526 _aP150
526 _aP149
526 _aP146
526 _aP145
526 _aP126
526 _aP125
526 _aP92
526 _aP75
526 _aP74
526 _aP27
526 _aP15
630 _aBiblia.
_pN.T.
_pApocalipsis
_xComentarios.
910 _a
942 _2ddc
_cBOOK
949 _aRC 225.7 BST 27
_wDEWEY
_c1
_i37890
_lCCODEBUL1
_mBUL
_p00.00
_r0
_sY
_tBOOK
_u2015-06-25
_xBIBLIOTECA
_zUNKNOWN
_0COMPRA
_o.STAFF. Colección General
596 _a1
999 _aRC 225.7 BST 27
_wDEWEY
_c42017
_i37890
_f2021-11-8
_g7
_lCCODEBUL1
_mBUL
_r1
_sY
_tBOOK
_u2015-6-25
_xTEOLOGIA
_zUNKNOWN
_0COMPRA
_o.STAFF. Colección General
_d42017
980 _81
_gALBERTO SANCHEZ Responsable de Automatización